Ceny nemovitostí a dlouhodobé úrokové sazby

Zaoberanie sa otázkou, či existuje rovnovážny vzťah medzi dlhodobými úrokovými sadzbami a výnosmi z prenájmu, alebo cenami nehnuteľností.

Na minha lista:
Detalhes bibliográficos
Autor principal: Pour, Jiří
Formato: Capítulo de Livro
Idioma:tcheco
Assuntos:
Tags: Adicionar Tag
Sem tags, seja o primeiro a adicionar uma tag!

MARC

LEADER 00000naa a2200000 4500
001 0297984
005 20240109094616.4
041 0 |a cze 
044 |a CZ 
245 1 0 |a Ceny nemovitostí a dlouhodobé úrokové sazby  |c Jiří Pour 
520 |a Zaoberanie sa otázkou, či existuje rovnovážny vzťah medzi dlhodobými úrokovými sadzbami a výnosmi z prenájmu, alebo cenami nehnuteľností. 
610 2 0 |a ceny 
610 2 0 |a nehnuteľnosti 
610 2 0 |a sadzby úrokové 
610 2 0 |a výnosy 
610 2 0 |a prenájom 
610 2 0 |a regresia 
100 1 |a Pour, Jiří